Municípios do Paraná - Statistics

Estatísticas Gerais
  • Esse quiz foi jogado 79 vezes
  • A pontuação média é 39 de 399
Respostas no mapa
Respostas codificadas por cores de uma escala verde-vermelha no mapa do quiz de acordo com a % correta abaixo.
 
Estatísticas das Respostas
Resposta % Correto
Castro
43%
Curitiba
43%
Foz do Iguaçu
43%
Guarapuava
43%
Guaraqueçaba
43%
Morretes
43%
Pitanga
43%
Ponta Grossa
43%
Prudentópolis
43%
São José dos Pinhais
43%
Almirante Tamandaré
29%
Arapongas
29%
Araruna
29%
Araucária
29%
Assis Chateaubriand
29%
Barracão
29%
Bom Jesus do Sul
29%
Braganey
29%
Cambará
29%
Campina da Lagoa
29%
Cascavel
29%
Clevelândia
29%
Contenda
29%
Fazenda Rio Grande
29%
Fernandes Pinheiro
29%
Guaíra
29%
Guaratuba
29%
Itaipulândia
29%
Jundiaí do Sul
29%
Loanda
29%
Londrina
29%
Lunardelli
29%
Mallet
29%
Marechal Cândido Rondon
29%
Maringá
29%
Matinhos
29%
Nova Laranjeiras
29%
Ortigueira
29%
Palmas
29%
Palmeira
29%
Paranaguá
29%
Paranavaí
29%
Paula Freitas
29%
Pinhais
29%
Pinhão
29%
Piraquara
29%
Pontal do Paraná
29%
Pranchita
29%
Quatro Barras
29%
Quitandinha
29%
Rio Branco do Sul
29%
Santana do Itararé
29%
Santa Terezinha de Itaipu
29%
São Miguel do Iguaçu
29%
Tamarana
29%
Toledo
29%
Tunas do Paraná
29%
Umuarama
29%
União da Vitória
29%
Adrianópolis
14%
Agudos do Sul
14%
Andirá
14%
Antonina
14%
Antônio Olinto
14%
Apucarana
14%
Arapoti
14%
Arapuã
14%
Assaí
14%
Atalaia
14%
Balsa Nova
14%
Bandeirantes
14%
Barbosa Ferraz
14%
Bituruna
14%
Boa Esperança
14%
Bocaiúva do Sul
14%
Bom Sucesso
14%
Bom Sucesso do Sul
14%
Brasilândia do Sul
14%
Cafelândia
14%
Califórnia
14%
Cambé
14%
Campina do Simão
14%
Campina Grande do Sul
14%
Campo Bonito
14%
Campo do Tenente
14%
Campo Largo
14%
Campo Magro
14%
Campo Mourão
14%
Cândido de Abreu
14%
Candói
14%
Cantagalo
14%
Capitão Leônidas Marques
14%
Carambeí
14%
Carlópolis
14%
Cerro Azul
14%
Cianorte
14%
Colombo
14%
Congonhinhas
14%
Cornélio Procópio
14%
Coronel Domingos Soares
14%
Coronel Vivida
14%
Corumbataí do Sul
14%
Cruzeiro do Oeste
14%
Cruz Machado
14%
Curiúva
14%
Doutor Ulysses
14%
Entre Rios do Oeste
14%
Farol
14%
Floresta
14%
Francisco Beltrão
14%
General Carneiro
14%
Godoy Moreira
14%
Goioerê
14%
Guamiranga
14%
Guaraci
14%
Guaraniaçu
14%
Honório Serpa
14%
Ibema
14%
Imbaú
14%
Imbituva
14%
Inácio Martins
14%
Indianópolis
14%
Ipiranga
14%
Iporã
14%
Iretama
14%
Itaperuçu
14%
Ivaí
14%
Ivaté
14%
Ivatuba
14%
Jacarezinho
14%
Jaguapitã
14%
Jaguariaíva
14%
Jandaia do Sul
14%
Janiópolis
14%
Jardim Alegre
14%
Jesuítas
14%
Joaquim Távora
14%
Juranda
14%
Jussara
14%
Lapa
14%
Laranjeiras do Sul
14%
Mandaguaçu
14%
Mandaguari
14%
Mandirituba
14%
Mangueirinha
14%
Manoel Ribas
14%
Marialva
14%
Mariópolis
14%
Maripá
14%
Marmeleiro
14%
Matelândia
14%
Medianeira
14%
Miraselva
14%
Moreira Sales
14%
Nova Londrina
14%
Novo Itacolomi
14%
Paiçandu
14%
Paranapoema
14%
Pato Bragado
14%
Piên
14%
Piraí do Sul
14%
Pitangueiras
14%
Porto Amazonas
14%
Porto Vitória
14%
Prado Ferreira
14%
Presidente Castelo Branco
14%
Quatiguá
14%
Querência do Norte
14%
Ramilândia
14%
Rebouças
14%
Reserva
14%
Ribeirão Claro
14%
Ribeirão do Pinhal
14%
Rio Branco do Ivaí
14%
Rio Negro
14%
Rolândia
14%
Santa Helena
14%
Santa Lúcia
14%
Santa Mariana
14%
Santa Tereza do Oeste
14%
Santo Antônio da Platina
14%
Santo Inácio
14%
São João do Caiuá
14%
São João do Triunfo
14%
São Jorge do Patrocínio
14%
São José da Boa Vista
14%
São Mateus do Sul
14%
Sarandi
14%
Sengés
14%
Sertanópolis
14%
Tamboara
14%
Telêmaco Borba
14%
Tibagi
14%
Tijucas do Sul
14%
Tuneiras do Oeste
14%
Tupãssi
14%
Ubiratã
14%
Uraí
14%
Ventania
14%
Vera Cruz do Oeste
14%
Virmond
14%
Wenceslau Braz
14%
Xambrê
14%
Abatiá
0%
Altamira do Paraná
0%
Altônia
0%
Alto Paraíso
0%
Alto Paraná
0%
Alto Piquiri
0%
Alvorada do Sul
0%
Amaporã
0%
Ampére
0%
Anahy
0%
Ângulo
0%
Ariranha do Ivaí
0%
Astorga
0%
Barra do Jacaré
0%
Bela Vista da Caroba
0%
Bela Vista do Paraíso
0%
Boa Esperança do Iguaçu
0%
Boa Ventura de São Roque
0%
Boa Vista da Aparecida
0%
Borrazópolis
0%
Cafeara
0%
Cafezal do Sul
0%
Cambira
0%
Capanema
0%
Catanduvas
0%
Centenário do Sul
0%
Céu Azul
0%
Chopinzinho
0%
Cidade Gaúcha
0%
Colorado
0%
Conselheiro Mairinck
0%
Corbélia
0%
Cruzeiro do Iguaçu
0%
Cruzeiro do Sul
0%
Cruzmaltina
0%
Diamante d'Oeste
0%
Diamante do Norte
0%
Diamante do Sul
0%
Dois Vizinhos
0%
Douradina
0%
Doutor Camargo
0%
Enéas Marques
0%
Engenheiro Beltrão
0%
Esperança Nova
0%
Espigão Alto do Iguaçu
0%
Faxinal
0%
Fênix
0%
Figueira
0%
Floraí
0%
Flor da Serra do Sul
0%
Florestópolis
0%
Flórida
0%
Formosa do Oeste
0%
Foz do Jordão
0%
Francisco Alves
0%
Goioxim
0%
Grandes Rios
0%
Guairaçá
0%
Guapirama
0%
Guaporema
0%
Ibaiti
0%
Ibiporã
0%
Icaraíma
0%
Iguaraçu
0%
Iguatu
0%
Inajá
0%
Iracema do Oeste
0%
Irati
0%
Itaguajé
0%
Itambaracá
0%
Itambé
0%
Itapejara d'Oeste
0%
Itaúna do Sul
0%
Ivaiporã
0%
Jaboti
0%
Japira
0%
Japurá
0%
Jardim Olinda
0%
Jataizinho
0%
Kaloré
0%
Laranjal
0%
Leópolis
0%
Lidianópolis
0%
Lindoeste
0%
Lobato
0%
Luiziana
0%
Lupionópolis
0%
Mamborê
0%
Manfrinópolis
0%
Maria Helena
0%
Marilândia do Sul
0%
Marilena
0%
Mariluz
0%
Marquinho
0%
Marumbi
0%
Mato Rico
0%
Mauá da Serra
0%
Mercedes
0%
Mirador
0%
Missal
0%
Munhoz de Mello
0%
Nossa Senhora das Graças
0%
Nova Aliança do Ivaí
0%
Nova América da Colina
0%
Nova Aurora
0%
Nova Cantu
0%
Nova Esperança
0%
Nova Esperança do Sudoeste
0%
Nova Fátima
0%
Nova Olímpia
0%
Nova Prata do Iguaçu
0%
Nova Santa Bárbara
0%
Nova Santa Rosa
0%
Nova Tebas
0%
Ourizona
0%
Ouro Verde do Oeste
0%
Palmital
0%
Palotina
0%
Paraíso do Norte
0%
Paranacity
0%
Pato Branco
0%
Paulo Frontin
0%
Peabiru
0%
Perobal
0%
Pérola
0%
Pérola d'Oeste
0%
Pinhalão
0%
Pinhal de São Bento
0%
Planaltina do Paraná
0%
Planalto
0%
Porecatu
0%
Porto Barreiro
0%
Porto Rico
0%
Primeiro de Maio
0%
Quarto Centenário
0%
Quatro Pontes
0%
Quedas do Iguaçu
0%
Quinta do Sol
0%
Rancho Alegre
0%
Rancho Alegre d'Oeste
0%
Realeza
0%
Renascença
0%
Reserva do Iguaçu
0%
Rio Azul
0%
Rio Bom
0%
Rio Bonito do Iguaçu
0%
Roncador
0%
Rondon
0%
Rosário do Ivaí
0%
Sabáudia
0%
Salgado Filho
0%
Salto do Itararé
0%
Salto do Lontra
0%
Santa Amélia
0%
Santa Cecília do Pavão
0%
Santa Cruz de Monte Castelo
0%
Santa Fé
0%
Santa Inês
0%
Santa Isabel do Ivaí
0%
Santa Izabel do Oeste
0%
Santa Maria do Oeste
0%
Santa Mônica
0%
Santo Antônio do Caiuá
0%
Santo Antônio do Paraíso
0%
Santo Antônio do Sudoeste
0%
São Carlos do Ivaí
0%
São Jerônimo da Serra
0%
São João
0%
São João do Ivaí
0%
São Jorge d'Oeste
0%
São Jorge do Ivaí
0%
São José das Palmeiras
0%
São Manoel do Paraná
0%
São Pedro do Iguaçu
0%
São Pedro do Ivaí
0%
São Pedro do Paraná
0%
São Sebastião da Amoreira
0%
São Tomé
0%
Sapopema
0%
Saudade do Iguaçu
0%
Serranópolis do Iguaçu
0%
Sertaneja
0%
Siqueira Campos
0%
Sulina
0%
Tapejara
0%
Tapira
0%
Teixeira Soares
0%
Terra Boa
0%
Terra Rica
0%
Terra Roxa
0%
Tomazina
0%
Três Barras do Paraná
0%
Turvo
0%
Uniflor
0%
Verê
0%
Vitorino
0%
Nenhum quiz correspondente encontrado
Distribuição das Pontuações
Porcentagem de Pessoas com Cada Pontuação
Percentil de Números Respondidos
Sua Pontuação Histórica
Você não jogou esse quiz